Tric trac 2: talleres de matemáticas, 1er ciclo E.P
Збережено в:
| Автори: | , , |
|---|---|
| Інші автори: | |
| Формат: | Книга |
| Мова: | Іспанська |
| Опубліковано: |
Madrid
Bruño
1993
|
| Предмети: | |
| Теги: |
Додати тег
Немає тегів, Будьте першим, хто поставить тег для цього запису!
|
MARC
| LEADER | 00000nam a2200000 a 4500 | ||
|---|---|---|---|
| 001 | UCP4710 | ||
| 003 | CL-VaPUC | ||
| 008 | 990813e19930000SP |||||||||||||||||spa|d | ||
| 082 | 0 | 4 | |a 372.7 |b MAR |2 21 |
| 100 | |a Martínez Soto, Angel Pascual |e autor |9 433505 | ||
| 700 | |a Miñano Sánchez, Antonio |e autor |9 433506 | ||
| 700 | 0 | |a Ródenas Martínez, José A |e author |9 432448 | |
| 700 | 0 | |a Zayas Ciruelos, José A |e author |9 432449 | |
| 245 | 1 | 0 | |a Tric trac 2: talleres de matemáticas, 1er ciclo E.P |
| 300 | |a 159 p | ||
| 942 | |c BK | ||
| 945 | |d 19990813 00:00:00 |a rbrito | ||
| 260 | |a Madrid |b Bruño |c 1993 | ||
| 650 | 0 | |a Educación básica |9 224933 | |
| 650 | 0 | |a Matemáticas |x Enseñanza |9 875527 | |
| 650 | 0 | |a Números |9 265328 | |
| 650 | 0 | |a Geometría |9 264063 | |
| 583 | |a last modification |c 19990813 00:00:00 |k Rodrigo Vera | ||
| 999 | |c 282611 |d 282609 | ||
| 952 | |0 0 |1 0 |4 0 |6 372_700000000000000_MAR_1993 |7 0 |8 P |9 324640 |a BIBEDU |b BIBEDU |c BIBEDU_PB |d 2019-11-20 |i 3540723 |o 372.7 MAR 1993 |p 3540723 |r 2024-01-25 |w 2019-11-20 |y BK |k BME | ||
| 952 | |0 0 |1 0 |4 0 |6 372_700000000000000_MAR_1993 |7 0 |8 P |9 324641 |a BIBEDU |b BIBEDU |c BIBEDU_PB |d 2019-11-20 |i 3540731 |o 372.7 MAR 1993 |p 3540731 |r 2024-01-25 |w 2019-11-20 |y BK |k BME | ||